书目信息 |
| 题名: |
实用建筑声学
|
|
| 作者: | Sabine , 萨宾 编 ;马大猷 译 | |
| 分册: | ||
| 出版信息: | 上海 商务印书馆 1953 |
|
| 页数: | 154页 | |
| 开本: | 21cm | |
| 丛书名: | ||
| 单 册: | ||
| 中图分类: | TU112 | |
| 科图分类: | ||
| 主题词: | 建筑声学 , 建筑学:物理学 | |
| 电子资源: | ||
| ISBN: | ||
| 000 | 00817nam0 2200289 45 980 | |
| 001 | 0660032872 | |
| 005 | 20060805164103.32 | |
| 010 | @dCNY11.00 | |
| 100 | @a19970527d1953 em y0chiy0121 ea | |
| 101 | 1 | @achi@ceng |
| 102 | @aCN@b310000 | |
| 105 | @afa z 000yy | |
| 106 | @ar | |
| 200 | 1 | @a实用建筑声学@f(美)萨宾编@Ashi yong jian zhu sheng xue@g马大猷译 |
| 210 | @a上海@c商务印书馆@d1953 | |
| 215 | @a154页@c图,表@d21cm | |
| 300 | @a译自:Lessnoise-better hearing | |
| 300 | @a据美国Celotex公司一九五O年版译出 | |
| 510 | 1 | @aLessnoise-better hearing@@ zeng |
| 606 | @a建筑声学 | |
| 606 | 0 | @a建筑学:物理学 |
| 690 | @aTU112@v3 | |
| 701 | A1 | @aSabine@f美@4编@ASabine |
| 701 | 1 | @a萨宾@f美@4编@Asa bin |
| 702 | 0 | @a马大猷@4译@Ama da you |
| 801 | 0 | @c20060805 |
| 905 | @a10447@dTU112@e275 | |
| 实用建筑声学/(美)萨宾编/马大猷译 .-上海:商务印书馆,1953 |
| 154页:图,表;21cm |
| 译自:Lessnoise-better hearing.-据美国Celotex公司一九五O年版译出 |
| ISBN :CNY11.00 |
| ● |
| 相关链接 |
|
|
|
|
正题名:实用建筑声学
索取号:TU112/275
 
预约/预借
| 序号 | 登录号 | 条形码 | 馆藏地/架位号 | 状态 | 备注 |
| 1 | 0451654 | 204516540 | 密集书库/ [索取号:TU112/275] | 在馆 |